000
00387nam a2200133Ia 4500
008
151001s9999||||xx |||||||||||||| ||und||
100
_a
दिलीप सालवी
245
_a
एक हजार पर्यावरण प्रश्नोतरी
250
_a
1
260
_b
सत्साहीत्य
260
_c
1999
300
_a
207
365
_b
21
999
_c
977899
_d
977896